书目信息 |
| 题名: |
HTML5 Canvas开发详解
|
|
| 作者: | 富尔顿 , 富尔顿 著 ;任旻 , 罗泽鑫 译 | |
| 分册: | ||
| 出版信息: | 北京 人民邮电出版社 2014 |
|
| 页数: | 11, 642页 | |
| 开本: | 24cm | |
| 丛书名: | ||
| 单 册: | ||
| 中图分类: | TP312HT , TP312 | |
| 科图分类: | ||
| 主题词: | 超文本标记语言--Chao Wen Ben Biao Ji Yu Yan--程序设计 | |
| 电子资源: | ||
| ISBN: | 978-7-115-35148-7 | |
| 000 | 01263nam0 2200325 450 | |
| 001 | 1674450031 | |
| 005 | 20140819090910.7 | |
| 010 | @a978-7-115-35148-7@dCNY118.00 | |
| 100 | @a20140819d2014 em y0chiy0120 ea | |
| 101 | 1 | @achi@ceng |
| 102 | @aCN@b110000 | |
| 105 | @aa z 000yy | |
| 106 | @ar | |
| 200 | 1 | @aHTML5 Canvas开发详解@AHTML5 Canvas Kai Fa Xiang Jie@f(美) Steve Fulton, Jeff Fulton著@g任旻, 罗泽鑫译 |
| 210 | @a北京@c人民邮电出版社@d2014 | |
| 215 | @a11, 642页@c图@d24cm | |
| 305 | @a据原书第2版译出 | |
| 306 | @a由O'Reilly Media, Inc.授权 | |
| 314 | @a责任者Fulton规范汉译姓: 富尔顿 | |
| 330 | @aHTML5 是Web应用程序开发的新趋势,Canvas是其最令人兴奋的新特性。本书即通过对Canvas元素进行详细介绍,引领读者进入HTML5开发的大门。通过本书,读者将学到如何使用Canvas进行绘图、渲染文字、处理图像、创建动画,最终构建出交互式的多媒体应用程序。 | |
| 333 | @a各个层次的Web开发人员。 | |
| 606 | 0 | @a超文本标记语言@AChao Wen Ben Biao Ji Yu Yan@x程序设计 |
| 690 | @aTP312HT@v5 | |
| 690 | @aTP312@v4 | |
| 701 | 1 | @a富尔顿@AFu Er Dun@g(Fulton, Steve)@4著 |
| 701 | 1 | @a富尔顿@AFu Er Dun@g(Fulton, Jeff)@4著 |
| 702 | 0 | @a任旻@ARen min@4译 |
| 702 | 0 | @a罗泽鑫@ALuo Ze Xin@4译 |
| 801 | 0 | @aCN@b江苏新华@c20150511 |
| 905 | @aBZT@dTP312@e169 | |
| HTML5 Canvas开发详解/(美) Steve Fulton, Jeff Fulton著/任旻, 罗泽鑫译.-北京:人民邮电出版社,2014 |
| 11, 642页:图;24cm |
| 使用对象:各个层次的Web开发人员。 |
| ISBN 978-7-115-35148-7:CNY118.00 |
| HTML5 是Web应用程序开发的新趋势,Canvas是其最令人兴奋的新特性。本书即通过对Canvas元素进行详细介绍,引领读者进入HTML5开发的大门。通过本书,读者将学到如何使用Canvas进行绘图、渲染文字、处理图像、创建动画,最终构建出交互式的多媒体应用程序。 |
| ● |
| 相关链接 |
|
|
|
正题名:HTML5 Canvas开发详解
索取号:TP312/169
 
预约/预借
| 序号 | 登录号 | 条形码 | 馆藏地/架位号 | 状态 | 备注 |
| 1 | 798454 | 2000798454 | 第二书库/ [索取号:TP312/169] | 在馆 | |
| 2 | 798455 | 2000798455 | 第二书库/ [索取号:TP312/169] | 在馆 | |
| 3 | 798456 | 2000798456 | 第二书库/ [索取号:TP312/169] | 在馆 |